Child education & School management (Record no. 191300)

MARC details
000 -LEADER
fixed length control field 00554nam a22001817a 4500
005 - DATE AND TIME OF LATEST TRANSACTION
control field 20220824114928.0
010 ## - LCCN (DPL NO)
LC control number ENG-134598
020 ## - INTERNATIONAL STANDARD BOOK NUMBER
Terms of availability 200.00
International Standard Book Number 9789394616257
035 ## - SYSTEM CONTROL NUMBER
System control number EN-118130
037 ## - SOURCE OF ACQUISITION
Source of stock number/acquisition DBAD/PUB
082 ## - DEWEY DECIMAL CLASSIFICATION NUMBER
Classification number 372
100 ## - MAIN ENTRY--PERSONAL NAME
Personal name Sarim,Sardar
245 ## - TITLE STATEMENT
Title Child education & School management
260 ## - PUBLICATION, DISTRIBUTION, ETC. (IMPRINT)
Place of publication, distribution, etc New Delhi
Name of publisher, distributor, etc Educational publishing house
Date of publication, distribution, etc 2022
270 ## - ADDRESS
Address h.no.D1/16,Ansari road, Darya Ganj
City New Delhi
Postal code 713325
Telephone number 7001365261
Electronic mail address info@ephbooks.com
300 ## - PHYSICAL DESCRIPTION
Extent 120p.
Dimensions 22cm(pbk)
942 ## - ADDED ENTRY ELEMENTS (KOHA)
Source of classification or shelving scheme Dewey Decimal Classification
Item type English Books
Classification part 372
Call number suffix SAR
Holdings
Withdrawn status Lost status Not for loan Collection code Home library Current library Date acquired Source of acquisition Cost, normal purchase price Full call number Barcode Copy number Cost, replacement price Koha item type
      Non-fiction Ashok Vihar Ashok Vihar 24/08/2022 DBAD/PUB 200.00 372 SAR EN-118130 1 200.00 English Books

© Delhi Public Library
Hit Counter
free hit counter